000 00436nam a2200181Ia 4500
008 100917s9999 xx 000 0 und d
082 _b7454
100 _aशहाणे मनोहर
245 _aझाकोळ
260 _b---
_c1965
300 _a164
365 _b7
520 _aकादंबरी
630 _aझाकोळ
650 _aकादंबरी
730 _aझाकोळ
942 _cBOOK
999 _c612848
_d612845